| 000 | 00805nam a2200229 i 4500 | ||
|---|---|---|---|
| 001 | 102635 | ||
| 003 | ES-MaACL | ||
| 005 | 20250822031120.0 | ||
| 007 | t| | ||
| 008 | 051123s1981 pr ||||1| spa d | ||
| 020 | _a0-8477-2902-8 | ||
| 080 | _a37.015.3(04) | ||
| 100 | 1 |
_aSánchez Hidalgo, Efraín. _9102699 |
|
| 245 | 1 | 3 |
_aLa psicología de la crianza _b: un mensaje a los padres / _cEfraín Sánchez Hidalgo, Lydia Ayendez de Sánchez Hidalgo. |
| 250 | _a1ª ed., reimp. | ||
| 260 |
_aRío Piedras : _bEditorial Universitaria, Universidad de Puerto Rico, _c1981. |
||
| 300 |
_a211 p. ; _c21 cm. |
||
| 650 | 1 | 7 |
_aPsicología de la educación _2embne _916558 |
| 700 | 1 |
_aAyendez de Sánchez Hidalgo, Lydia. _924141 |
|
| 852 |
_aES-MaACL _jE-11121 _bR.136851 |
||
| 999 |
_c102635 _d102635 |
||